000 00486nam a2200181Ia 4500
005 20260415160318.0
008 008 250505s9999 xx 000 0 eng d
037 _aTextual
040 _aFEDL
_beng
_cFEDL
041 _aeng
_2eng
084 _a530 ASH
_qFEDL
100 _aAshhurst W
_9755594
245 0 _aPhysics
260 _aLondon, UK
_bButler and Tanner Limited
_c1946
300 _a328p.
942 _cTEXL
_h530 ASH
999 _c1321559
_d1321559